<?xml version="1.0" encoding="UTF-8"?>
<record
    xmlns:xsi="http://www.w3.org/2001/XMLSchema-instance"
    xsi:schemaLocation="http://www.loc.gov/MARC21/slim http://www.loc.gov/standards/marcxml/schema/MARC21slim.xsd"
    xmlns="http://www.loc.gov/MARC21/slim">

  <leader>01861    a2200205   4500</leader>
  <controlfield tag="001">29723</controlfield>
  <controlfield tag="005">20260407155608.0</controlfield>
  <controlfield tag="008">260407a1964    arg                 spa d</controlfield>
  <controlfield tag="003">AR-UNSa-BCEJYS</controlfield>
  <datafield tag="040" ind1=" " ind2=" ">
    <subfield code="a">AR-UNSa-BCEJYS</subfield>
    <subfield code="b">spa</subfield>
    <subfield code="c">AR-UNSa-BCEJYS</subfield>
  </datafield>
  <datafield tag="080" ind1=" " ind2=" ">
    <subfield code="a">657.36</subfield>
    <subfield code="x">Balances de comprobaci&#xF3;n (balance estimativo). Balances de saldo. Balance intermedio</subfield>
  </datafield>
  <datafield tag="245" ind1="1" ind2="0">
    <subfield code="a">Interpretaci&#xF3;n y estudio cr&#xED;tico de balances y estados financieros</subfield>
  </datafield>
  <datafield tag="264" ind1=" " ind2="1">
    <subfield code="a">Barcelona :</subfield>
    <subfield code="b">Labor</subfield>
    <subfield code="c">1964</subfield>
  </datafield>
  <datafield tag="300" ind1=" " ind2=" ">
    <subfield code="a">352 p.</subfield>
    <subfield code="c">23 cm.</subfield>
  </datafield>
  <datafield tag="505" ind1=" " ind2=" ">
    <subfield code="a">1. Balance y estado de situaci&#xF3;n financiera - 2. Existencia en caja y bancos - 3. Efectos a cobrar - 4. Aceptaciones comerciales y bancarias - 5. Cuentas a cobrar - 6. Mercancia, productos de fabricaci&#xF3;n y materiales - 7. Terrenos, edificios, maquinaria e instalaciones - 8. Inversiones diversas y otras partidas del activo - 9. Valor inmaterial - 10. Efectos a pagar, cuentas a pagar y dep&#xF3;sitos - 11. Obligaciones, hipotecas y otros pasivos - 12. Capital y superavit - 13. Reservas odinarias y pasivo eventual - 14. An&#xE1;lisis de la situaci&#xF3;n - 15. Comparaci&#xF3;n de balances - 16. Capital de explotaci&#xF3;n y anticipos - 17. Activos y cargos diferidos - 18. Activo, acciones de tesoreria - 19. Patentes, marcas de fabrica y otros privilegios - 20. Emisiones de bonos oro y otras diversas, provisiones varias para amortizaci&#xF3;n  - 21. Emisiones diversas de acciones ordinarios - 22. Certificados de sindicaci&#xF3;n del voto - 23. Emisiones y privlegios de las acciones preferentes - 24. Acciones sin valor par - 25. Super&#xE1;vit ganado y adquirido de or&#xED;gen diverso - 26. Fondos y cuentas de reservas -  27. Balances consolidados - 29. El balance como elemento informativo - 30. Evaluaci&#xF3;n de instalaciones.</subfield>
  </datafield>
  <datafield tag="942" ind1=" " ind2=" ">
    <subfield code="c">BK</subfield>
  </datafield>
  <datafield tag="590" ind1=" " ind2=" ">
    <subfield code="a">niveau_biblio:m niveau_hierar:0</subfield>
  </datafield>
  <datafield tag="100" ind1="1" ind2=" ">
    <subfield code="a">Sanz, Angel Andany</subfield>
  </datafield>
  <datafield tag="700" ind1="1" ind2=" ">
    <subfield code="a">Stockwell, Herbert G.</subfield>
  </datafield>
  <datafield tag="999" ind1=" " ind2=" ">
    <subfield code="c">1949</subfield>
    <subfield code="d">1949</subfield>
  </datafield>
  <datafield tag="952" ind1=" " ind2=" ">
    <subfield code="0">0</subfield>
    <subfield code="1">0</subfield>
    <subfield code="4">0</subfield>
    <subfield code="7">0</subfield>
    <subfield code="a">BCEJYS</subfield>
    <subfield code="b">BCEJYS</subfield>
    <subfield code="c">16</subfield>
    <subfield code="d">2026-04-07</subfield>
    <subfield code="l">0</subfield>
    <subfield code="o">657.36 S864</subfield>
    <subfield code="p">L22448</subfield>
    <subfield code="r">2026-04-07 15:56:08</subfield>
    <subfield code="w">2026-04-07</subfield>
    <subfield code="y">L</subfield>
  </datafield>
</record>
